Devine le joueur de football selon ses clubs #7 - Statistiques

Statistiques générales
  • Ce quiz a été pris 351 fois
  • Le résultat moyen est 4 sur 8
Statistiques - réponses
1er club 2ème club 3ème club Joueurs % Correct
Monaco PSG Real Madrid Kylian Mbappe
98%
Dinamo Zagreb Tottenham Real Madrid Luka Modric
84%
PSG Juventus FC Bayern Munich Kingsley Coman
74%
OL AS Rome Ittihad Club Houssem Aouar
59%
FC Porto Wolverhampton Al-Hilal FC Ruben Neves
51%
Botafogo FC OM Botafogo Luis Henrique
30%
Velez Sarsfield Atlanta United Botafogo Thiago Almada
21%
Getage CF Atlético Madrid Manchester United Alejandro Garnacho
7%
Aucun quiz correspondant
Distribution des résultats
% des personnes avec chaque résultat
Percentile par nombre de réponses
Votre historique - résultats
Vous n’avez pas pris ce quiz